RUSH Albums - Statistics

General Stats
  • This quiz has been taken 522 times
    304 since last reset
  • The average score is 14 of 19
Answer Stats
Hint Answer % Correct
1976 2112
94%
1981 Moving Pictures
94%
1974 RUSH
92%
1975 Fly By Night
89%
1978 Hemispheres
80%
1977 A Farewell to Kings
76%
1975 Caress of Steel
76%
1982 Signals
76%
1980 Permanent Waves
74%
1991 Roll The Bones
73%
1984 Grace Under Pressure
69%
1985 Power Windows
68%
1989 Presto
68%
2012 Clockwork Angels
67%
2007 Snakes & Arrows
62%
1993 Counterparts
60%
1987 Hold Your Fire
59%
1996 Test for Echo
58%
2002 Vapor Trails
56%
No matching quizzes found
Score Distribution
Percent of People with Each Score
Percentile by Number Answered
Your Score History
You have not taken this quiz since the last reset